[Event "LSV Turm Lippstadt 1 - Brackweder SK 1"]
[Site "NRW-Klasse, Gruppe 1 2010/201"]
[Date "2010.09.26"]
[Round "1.1"]
[White "Malcher, Werner"]
[Black "Wehmeier, Stefan"]
[Result "1/2-1/2"]
[WhiteElo "2303"]
[BlackElo "2445"]
[PlyCount "114"]
[EventDate "2010.??.??"]

1. d4 Nf6 2. c4 e5 3. dxe5 Ne4 4. Nd2 Nxd2 5. Bxd2 d6 6. Nf3 dxe5 7. Nxe5 Bd6
8. Bc3 O-O 9. Qd4 c5 10. Qd2 Qe7 11. Nd3 Be6 12. b3 Nc6 13. e3 Rad8 14. Be2 Bf5
15. Rd1 Be4 16. f3 Qh4+ 17. Nf2 Bg6 18. Qb2 f6 19. g3 Qh6 20. f4 Bf5 21. Bd3
Bc8 22. O-O b6 23. Be4 Ne7 24. Qc2 f5 25. Bf3 Qg6 26. Rd2 h5 27. Nh3 Kh8 28.
Ng5 Ng8 29. Qd1 Be7 30. Bxh5 Rxd2 31. Bxd2 Qf6 32. Qc1 Nh6 33. Bc3 Qc6 34. Qb2
Bf6 35. Bf3 Qe8 36. Re1 Qe7 37. h4 Ng4 38. Bxg4 fxg4 39. Qc2 Bxg5 40. hxg5 Kg8
41. e4 Rd8 42. Re2 Bb7 43. Be5 Rd7 44. Rd2 Rxd2 45. Qxd2 Bxe4 46. Qe2 Bf5 47.
Qd1 Kh7 48. Kf2 a6 49. Qd5 Bg6 50. Qh1+ Kg8 51. Qc6 Qf7 52. Qc8+ Kh7 53. Qxg4
Bb1 54. Qd1 Qf5 55. Qh1+ Kg8 56. Qd5+ Kh7 57. Qh1+ Kg8 1/2-1/2

[Event "LSV Turm Lippstadt 1 - Brackweder SK 1"]
[Site "NRW-Klasse, Gruppe 1 2010/201"]
[Date "2010.09.26"]
[Round "1.2"]
[White "Matthias, Heiner"]
[Black "Olyschlaeger, Richard"]
[Result "1-0"]
[WhiteElo "2351"]
[BlackElo "1835"]
[PlyCount "47"]
[EventDate "2010.??.??"]

1. c4 e5 2. g3 d6 3. Bg2 g6 4. Nc3 Bg7 5. e3 f5 6. Nge2 Nf6 7. d4 O-O 8. O-O a5
9. Qb3 c6 10. Na4 Nfd7 11. Bd2 Kh8 12. Rad1 Qc7 13. Bc3 b6 14. dxe5 dxe5 15. f4
Na6 16. fxe5 Nac5 17. Nxc5 Nxc5 18. Qc2 Bd7 19. Rd6 Nb7 20. Rd2 Be8 21. Nf4 Nc5
22. Rd6 Qe7 23. Bxc6 Bxe5 24. Re6 1-0

[Event "LSV Turm Lippstadt 1 - Brackweder SK 1"]
[Site "NRW-Klasse, Gruppe 1 2010/201"]
[Date "2010.09.26"]
[Round "1.3"]
[White "Ruecker, Bastian"]
[Black "Brenke, Andreas"]
[Result "0-1"]
[WhiteElo "1756"]
[BlackElo "2315"]
[PlyCount "36"]
[EventDate "2010.??.??"]

1. d4 Nf6 2. Bg5 e6 3. e4 h6 4. Bxf6 Qxf6 5. c3 c5 6. e5 Qg6 7. Nf3 Nc6 8. a3
d6 9. dxc5 dxe5 10. b4 e4 11. Nd4 Be7 12. Nxc6 bxc6 13. Qe2 O-O 14. Nd2 f5 15.
f3 Bf6 16. Rc1 a5 17. Nb1 Rd8 18. Rd1 Bh4+ 0-1

[Event "LSV Turm Lippstadt 1 - Brackweder SK 1"]
[Site "NRW-Klasse, Gruppe 1 2010/201"]
[Date "2010.09.26"]
[Round "1.4"]
[White "Krallmann, Matthias"]
[Black "Spisla, Dominik"]
[Result "1-0"]
[WhiteElo "2149"]
[BlackElo "1834"]
[PlyCount "75"]
[EventDate "2010.??.??"]

1. d4 d5 2. c4 e6 3. Nf3 Nf6 4. Nc3 Be7 5. Bg5 Nbd7 6. e3 c6 7. Qc2 O-O 8. Rd1
Re8 9. a3 Nf8 10. Bd3 Ng6 11. O-O dxc4 12. Bxc4 h6 13. Bxf6 Bxf6 14. e4 b5 15.
Ba2 Qb6 16. d5 Bxc3 17. Qxc3 cxd5 18. exd5 exd5 19. Bxd5 Nf4 20. Qc6 Ba6 21.
Qxb6 axb6 22. Bxa8 Rxa8 23. Rd6 b4 24. Rfd1 bxa3 25. Rd8+ Rxd8 26. Rxd8+ Kh7
27. bxa3 Be2 28. Nd4 Bc4 29. Rc8 Ne2+ 30. Nxe2 Bxe2 31. f4 b5 32. Kf2 Bd3 33.
Ke3 Bf1 34. g3 Kg6 35. Rc3 f5 36. Kd4 Kf6 37. Rc6+ Ke7 38. Kc5 1-0

[Event "LSV Turm Lippstadt 1 - Brackweder SK 1"]
[Site "NRW-Klasse, Gruppe 1 2010/201"]
[Date "2010.09.26"]
[Round "1.5"]
[White "Bykovskij, Sergej"]
[Black "Fecke, Andreas"]
[Result "1/2-1/2"]
[WhiteElo "2045"]
[BlackElo "2076"]
[PlyCount "28"]
[EventDate "2010.??.??"]

1. d4 d6 2. Nf3 Bg4 3. Bf4 Nd7 4. Nbd2 Ngf6 5. c3 c6 6. Qb3 Qc7 7. e4 e6 8. Bd3
Be7 9. h3 Bh5 10. O-O e5 11. Be3 O-O 12. Rac1 Nb6 13. a4 Rad8 14. Rfd1 Rfe8
1/2-1/2

[Event "LSV Turm Lippstadt 1 - Brackweder SK 1"]
[Site "NRW-Klasse, Gruppe 1 2010/201"]
[Date "2010.09.26"]
[Round "1.6"]
[White "Roemhild, Marcus"]
[Black "Willenberg, Max"]
[Result "1/2-1/2"]
[WhiteElo "2013"]
[BlackElo "1974"]
[PlyCount "117"]
[EventDate "2010.??.??"]

1. e4 c5 2. Nc3 e6 3. f4 d5 4. Nf3 Nf6 5. e5 Nfd7 6. d4 Nc6 7. Be3 Qb6 8. a3
cxd4 9. Nxd4 Bc5 10. Na4 Qa5+ 11. c3 Bxd4 12. Bxd4 Nxd4 13. Qxd4 b6 14. Qb4
Qxb4 15. axb4 a5 16. bxa5 bxa5 17. Bb5 Rb8 18. Bc6 Ke7 19. O-O Ba6 20. Rf2 Bb5
21. Bxd7 Bxd7 22. Nc5 Rb5 23. Nd3 Rc8 24. Ne1 d4 25. cxd4 Rc4 26. Rd2 Bc6 27.
Kf2 Rcb4 28. Ke3 Rxb2 29. Rxb2 Rxb2 30. Rxa5 g6 31. Ra7+ Kf8 32. Nf3 h6 33. Nd2
Bxg2 34. Nc4 Rb3+ 35. Kf2 Bd5 36. Ne3 Be4 37. Nc4 Rf3+ 38. Ke2 Rxf4 39. Ke3 g5
40. Nd6 Bd5 41. Rc7 h5 42. Rc8+ Kg7 43. Ne8+ Kg6 44. Nf6 Rxf6 45. exf6 h4 46.
Rg8+ Kxf6 47. Kf2 Kf5 48. Ke3 f6 49. Rg7 Kg4 50. Rg6 f5 51. Rg7 f4+ 52. Kf2 h3
53. Rh7 Bg2 54. Rf7 Kh5 55. Re7 Bd5 56. Rh7+ Kg4 57. Rh6 Bb3 58. Rh8 Bd5 59.
Rh6 1/2-1/2

[Event "LSV Turm Lippstadt 1 - Brackweder SK 1"]
[Site "NRW-Klasse, Gruppe 1 2010/201"]
[Date "2010.09.26"]
[Round "1.7"]
[White "Husemann, Dirk"]
[Black "Grobbel, Rainer"]
[Result "0-1"]
[WhiteElo "1979"]
[BlackElo "2085"]
[PlyCount "94"]
[EventDate "2010.??.??"]

1. d4 Nf6 2. Bg5 Ne4 3. Bf4 d5 4. Nc3 Bf5 5. f3 Nxc3 6. bxc3 e6 7. e3 c5 8. c4
cxd4 9. exd4 Bb4+ 10. Bd2 Nc6 11. c3 Be7 12. cxd5 exd5 13. Bb5 O-O 14. Ne2 Na5
15. Ng3 Bg6 16. O-O a6 17. Be2 Rc8 18. f4 f6 19. f5 Be8 20. a4 Nc4 21. Bc1 Qa5
22. Bf3 Bc6 23. Ne2 Bd6 24. Qc2 Rfe8 25. Qd3 Qc7 26. g3 Re7 27. Nf4 Bxf4 28.
Bxf4 Qd7 29. a5 Qd8 30. Rfe1 Rxe1+ 31. Rxe1 Qxa5 32. g4 Qd8 33. h4 a5 34. g5 a4
35. gxf6 Qxf6 36. Bg5 Qd6 37. Bg4 Re8 38. Re6 Rxe6 39. fxe6 h6 40. Bxh6 Be8 41.
Bg5 a3 42. Qe2 Qg3+ 43. Kh1 a2 44. Qxa2 Qxg4 45. e7 Qh3+ 46. Kg1 Qg3+ 47. Kh1
Bh5 0-1

[Event "LSV Turm Lippstadt 1 - Brackweder SK 1"]
[Site "NRW-Klasse, Gruppe 1 2010/201"]
[Date "2010.09.26"]
[Round "1.8"]
[White "Chapman, Alan"]
[Black "Stephan, Gunther"]
[Result "1-0"]
[WhiteElo "1998"]
[BlackElo "1952"]
[PlyCount "53"]
[EventDate "2010.??.??"]

1. e4 c5 2. Nc3 a6 3. Nf3 b5 4. d4 b4 5. Ne2 e6 6. d5 Nf6 7. dxe6 dxe6 8. Qxd8+
Kxd8 9. Ne5 Ke8 10. f3 Nfd7 11. Nc4 Nc6 12. Bf4 e5 13. Bg3 a5 14. O-O-O Ba6 15.
Ne3 Be7 16. Nd5 Bd8 17. Bf2 a4 18. Ng3 g6 19. Bxa6 Rxa6 20. Rhe1 h5 21. Nf1 a3
22. b3 Nd4 23. f4 f6 24. Nfe3 Kf7 25. Nc4 Re8 26. Rd3 Nb6 27. Nd6+ 1-0

[Event "SG Bochum 2 - Godesberger SK 2"]
[Site "NRW-Klasse, Gruppe 1 2010/201"]
[Date "2010.09.26"]
[Round "1.1"]
[White "Gerusel, Mathias"]
[Black "Jens, Jelmer"]
[Result "1/2-1/2"]
[WhiteElo "2170"]
[BlackElo "2366"]
[Annotator ",Daniel"]
[PlyCount "106"]
[EventDate "2010.??.??"]

1. d4 Nf6 2. c4 g6 3. Nc3 d5 4. Bf4 Bg7 5. Rc1 Nh5 6. Bg5 h6 7. Bh4 c5 8. Nxd5
Nc6 9. e3 cxd4 10. exd4 Be6 11. Nc3 Nxd4 12. Nf3 Nf5 13. Qxd8+ Rxd8 14. Bg3
Nhxg3 15. hxg3 Rc8 16. b3 Nd6 17. Nd2 b5 18. Nce4 Nxe4 19. Nxe4 O-O 20. Bd3
bxc4 21. Bxc4 Bxc4 22. bxc4 Rfd8 23. Ke2 Rc6 24. Rhd1 Rdc8 25. Nd2 Re6+ 26. Kf1
Ra6 27. Rc2 Kf8 28. Rb1 Rb6 29. Rb3 Ke8 30. Ra3 Rc7 31. Ra4 e6 $11 32. Nb3 Bf8
33. Ke2 Rb4 34. Rxb4 Bxb4 35. Kd3 Rd7+ 36. Ke4 f5+ 37. Ke3 e5 38. c5 Kd8 39.
Rc4 a5 40. a3 Bxa3 41. Nxa5 Kc7 42. Nb3 Kc6 43. Ra4 Bxc5+ 44. Nxc5 Kxc5 45.
Ra5+ Kd6 46. Ra6+ Kd5 47. Rxg6 Rd6 48. Rg8 Ra6 49. Rd8+ Ke6 50. Rf8 Ra3+ 51.
Ke2 Ra2+ 52. Ke3 Ra3+ 53. Ke2 Ra2+ 1/2-1/2

[Event "SG Bochum 2 - Godesberger SK 2"]
[Site "NRW-Klasse, Gruppe 1 2010/201"]
[Date "2010.09.26"]
[Round "1.2"]
[White "Schlawin, Marlon"]
[Black "Rohde, Ulrich"]
[Result "1/2-1/2"]
[WhiteElo "2186"]
[BlackElo "2164"]
[PlyCount "45"]
[EventDate "2010.??.??"]

1. e4 c5 2. Nf3 e6 3. c3 d5 4. exd5 exd5 5. d4 Nc6 6. Bb5 Bd6 7. O-O Nge7 8.
Nbd2 O-O 9. dxc5 Bxc5 10. Nb3 Bb6 11. Nfd4 Qd6 12. Re1 a6 13. Bf1 Nf5 14. Nxf5
Bxf5 15. Qf3 Be4 16. Qg3 Qxg3 17. hxg3 Bc2 18. Be3 Bxe3 19. Rxe3 Bxb3 20. axb3
d4 21. Rd3 Rad8 22. b4 g6 23. Rad1 1/2-1/2

[Event "SG Bochum 2 - Godesberger SK 2"]
[Site "NRW-Klasse, Gruppe 1 2010/201"]
[Date "2010.09.26"]
[Round "1.3"]
[White "Stenzel, Thomas"]
[Black "Tkachuk, Konstantyn"]
[Result "1/2-1/2"]
[WhiteElo "2109"]
[BlackElo "2166"]
[PlyCount "214"]
[EventDate "2010.??.??"]

1. e4 c5 2. Nf3 d6 3. d4 cxd4 4. Qxd4 Nc6 5. Bb5 Bd7 6. Bxc6 Bxc6 7. Nc3 Nf6 8.
Bg5 e6 9. O-O-O Be7 10. Rhe1 Qa5 11. Qd2 O-O 12. Kb1 Kh8 13. h4 b5 14. Nd4 Rfc8
15. f3 b4 16. Nce2 Ba4 17. Nc1 Rc7 18. Ncb3 Qb6 19. Be3 Qb7 20. g4 a5 21. g5
Nd7 22. h5 Bxb3 23. cxb3 a4 24. bxa4 Rxa4 25. b3 Ra5 26. g6 Rxh5 27. gxf7 Nf8
28. Rg1 Bf6 29. Nc2 d5 30. Qxb4 Qxb4 31. Nxb4 dxe4 32. fxe4 Rxf7 33. Rgf1 Re5
34. Rd4 Rd7 35. Rc4 Rh5 36. Rc8 Kg8 37. Nc6 Rf7 38. b4 Rh2 39. e5 Bh4 40. Rxf7
Kxf7 41. Rc7+ Ke8 42. b5 Nd7 43. b6 Rh1+ 44. Kc2 Rh2+ 45. Kc1 Rh1+ 46. Kc2 Rh2+
47. Kd3 Rxa2 48. b7 Rb2 49. Rc8+ Kf7 50. b8=Q Nxb8 51. Nxb8 Bf2 52. Bxf2 Rxf2
53. Nd7 Kg6 54. Re8 Rf1 55. Nc5 Rd1+ 56. Ke4 Re1+ 57. Kd4 Rd1+ 58. Nd3 Kf7 59.
Ra8 h5 60. Ke4 g5 61. Ra7+ Ke8 62. Rg7 Rg1 63. Nc5 Re1+ 64. Kd4 Rd1+ 65. Kc4
Rc1+ 66. Kb5 g4 67. Rg5 Re1 68. Nd3 Re3 69. Kc4 Re4+ 70. Kc3 Kf7 71. Rxh5 Kg6
72. Rh8 Kg5 73. Rg8+ Kh4 74. Nf2 Rxe5 75. Rxg4+ Kh5 76. Rg8 Rg5 77. Re8 e5 78.
Kd3 Rf5 79. Ke3 Kg5 80. Ne4+ Kg6 81. Re6+ Kf7 82. Ra6 Rf1 83. Ng5+ Ke7 84. Ke4
Re1+ 85. Kd5 Rb1 86. Ne4 Rb5+ 87. Nc5 e4 88. Re6+ Kf7 89. Rxe4 Ra5 90. Kd6 Ra1
91. Rf4+ Kg6 92. Ne6 Ra6+ 93. Ke7 Ra7+ 94. Ke8 Ra8+ 95. Kd7 Ra7+ 96. Nc7 Kg5
97. Rf1 Kg4 98. Kd6 Ra2 99. Nd5 Re2 100. Nc3 Re8 101. Nd5 Re2 102. Kc5 Rc2+
103. Kd4 Rc8 104. Nf6+ Kg3 105. Ne4+ Kg4 106. Ke3 Ra8 107. Rg1+ Kf5 1/2-1/2

[Event "SG Bochum 2 - Godesberger SK 2"]
[Site "NRW-Klasse, Gruppe 1 2010/201"]
[Date "2010.09.26"]
[Round "1.4"]
[White "Werthebach, Felix"]
[Black "Horstmann, Olaf"]
[Result "1-0"]
[WhiteElo "2136"]
[BlackElo "2140"]
[PlyCount "113"]
[EventDate "2010.??.??"]

1. c4 f5 2. g3 Nf6 3. Bg2 g6 4. Nc3 Bg7 5. d3 O-O 6. e4 fxe4 7. dxe4 e5 8. Nge2
d6 9. O-O Be6 10. Nd5 Nbd7 11. b3 Nc5 12. Bg5 h6 13. Nxf6+ Bxf6 14. Bxh6 Rf7
15. Be3 Nd7 16. Qd2 Nf8 17. Nc3 Qd7 18. Nd5 Bd8 19. Bg5 c6 20. Bxd8 Rxd8 21.
Ne3 Nh7 22. f4 Rdf8 23. f5 gxf5 24. exf5 Bxf5 25. Nxf5 Rxf5 26. Rxf5 Qxf5 27.
Qxd6 Qf2+ 28. Kh1 Qe2 29. Qg6+ Kh8 30. Qe4 Qxe4 31. Bxe4 Rf2 32. Kg1 Rd2 33.
Bxh7 Kxh7 34. Re1 Rxa2 35. Rxe5 Rb2 36. Re7+ Kg6 37. Rxb7 a5 38. Rb6 Kf5 39.
Rxc6 Rxb3 40. Rc5+ Kg4 41. Rxa5 Rb1+ 42. Kf2 Rb2+ 43. Ke3 Rxh2 44. Ra8 Rc2 45.
Kd4 Kxg3 46. Rf8 Rd2+ 47. Kc5 Kg4 48. Kc6 Rc2 49. c5 Rc1 50. Kb6 Rb1+ 51. Kc7
Kg5 52. c6 Rc1 53. Kd7 Rd1+ 54. Kc8 Rc1 55. c7 Rb1 56. Kd7 Rd1+ 57. Ke6 1-0

[Event "SG Bochum 2 - Godesberger SK 2"]
[Site "NRW-Klasse, Gruppe 1 2010/201"]
[Date "2010.09.26"]
[Round "1.5"]
[White "Mueller-Boge, Michael"]
[Black "Mazarov, Juergen"]
[Result "1/2-1/2"]
[WhiteElo "2040"]
[BlackElo "2117"]
[PlyCount "87"]
[EventDate "2010.??.??"]

1. e4 c5 2. Nf3 d6 3. d4 cxd4 4. Nxd4 Nf6 5. Nc3 a6 6. f4 e6 7. Qf3 Qc7 8. Bd3
b5 9. g4 Bb7 10. g5 Nfd7 11. h4 Nc5 12. Bd2 Nbd7 13. a3 g6 14. b4 Bg7 15. Qf2
Nxd3+ 16. cxd3 e5 17. Nde2 exf4 18. Rc1 Ne5 19. Nxf4 Qd7 20. Rg1 O-O 21. Qg3
Rac8 22. Ke2 Nc6 23. Be3 Nd4+ 24. Bxd4 Bxd4 25. Ncd5 Bxd5 26. Nxd5 Qe6 27. Rgf1
Bb2 28. Rcd1 Rc2+ 29. Ke3 Kg7 30. h5 Qe5 31. h6+ Kh8 32. Qxe5+ dxe5 33. Rf6
Bd4+ 34. Kf3 Rf2+ 35. Kg3 Rxf6 36. Nxf6 Rc8 37. Rf1 Rc3 38. Rf3 Rxa3 39. Ne8
Kg8 40. Nd6 Rb3 41. Rxf7 Rxd3+ 42. Kg2 Be3 43. Rg7+ Kf8 44. Rf7+ 1/2-1/2

[Event "SG Bochum 2 - Godesberger SK 2"]
[Site "NRW-Klasse, Gruppe 1 2010/201"]
[Date "2010.09.26"]
[Round "1.6"]
[White "Kelbling, Philipp"]
[Black "Roski, Ferdinand"]
[Result "1/2-1/2"]
[WhiteElo "2112"]
[BlackElo "2166"]
[PlyCount "132"]
[EventDate "2010.??.??"]

1. e4 d6 2. d4 Nd7 3. Nc3 e5 4. Nf3 exd4 5. Qxd4 Ngf6 6. Bc4 h6 7. O-O Be7 8.
Be3 O-O 9. h3 Re8 10. Rad1 c6 11. e5 dxe5 12. Nxe5 Nxe5 13. Qxe5 Bd7 14. Qg3
Bf8 15. Bxh6 Qe7 16. Bg5 Bf5 17. Bd3 Qe6 18. Qf3 Bxd3 19. Rxd3 Nd7 20. Qg3 Nc5
21. Re3 Qf5 22. Rxe8 Rxe8 23. Rc1 Re6 24. Qg4 Qh7 25. Be3 Nd7 26. Kh1 Ne5 27.
Qg3 b6 28. Ne2 Nc4 29. Nd4 Rf6 30. b3 Nd6 31. Qg4 Ne4 32. Nf3 Re6 33. Ng5 Nxg5
34. Qxg5 Qe4 35. Qg4 Qd5 36. Rd1 Qa5 37. a4 Qc3 38. Qf5 Bd6 39. Qd3 Qe5 40. g3
Qh5 41. Kg2 Bc5 42. Bxc5 Qxc5 43. Qd8+ Kh7 44. Qh4+ Rh6 45. Qe4+ f5 46. Qe2 Rg6
47. Qh5+ Rh6 48. Qe2 Rg6 49. Qd3 f4 50. c4 Qe5 51. Rd2 Kh6 52. Re2 Rd6 53. Rxe5
Rxd3 54. Re6+ Kg5 55. gxf4+ Kxf4 56. Rxc6 Rxb3 57. Rc7 g5 58. Rxa7 Rb4 59. Rf7+
Ke5 60. Rg7 Kf5 61. Rf7+ Ke5 62. Rb7 Rxc4 63. Rxb6 Rxa4 64. Kg3 Kf5 65. Rb5+
Kg6 66. f3 Kh5 1/2-1/2

[Event "SG Bochum 2 - Godesberger SK 2"]
[Site "NRW-Klasse, Gruppe 1 2010/201"]
[Date "2010.09.26"]
[Round "1.7"]
[White "Lotzien, Hans"]
[Black "Tkachuk, Sergij"]
[Result "1/2-1/2"]
[WhiteElo "2084"]
[BlackElo "2205"]
[PlyCount "46"]
[EventDate "2010.??.??"]

1. e4 c5 2. Bc4 Nc6 3. Nc3 e6 4. d3 Na5 5. Nge2 Nxc4 6. dxc4 d6 7. O-O Be7 8.
Bf4 e5 9. Bg3 Be6 10. Qd3 g5 11. Rad1 Qb6 12. b3 O-O-O 13. Nd5 Bxd5 14. Qxd5
Rf8 15. f3 Qc6 16. Nc3 Qxd5 17. Nxd5 Rd8 18. Rd3 Kd7 19. Rfd1 f6 20. Bf2 Nh6
21. h3 Nf7 22. a4 Rc8 23. Ne3 Ke6 1/2-1/2

[Event "SG Bochum 2 - Godesberger SK 2"]
[Site "NRW-Klasse, Gruppe 1 2010/201"]
[Date "2010.09.26"]
[Round "1.8"]
[White "Pilat, Fabian"]
[Black "Biedekoepper, Robert"]
[Result "1/2-1/2"]
[WhiteElo "1911"]
[BlackElo "2057"]
[PlyCount "44"]
[EventDate "2010.??.??"]

1. d4 d5 2. Nf3 Nf6 3. e3 Bf5 4. c4 c6 5. cxd5 cxd5 6. Qb3 Qb6 7. Qxb6 axb6 8.
Nc3 Nc6 9. Bb5 Bd7 10. O-O Ra5 11. Bd2 e6 12. Be2 Ra8 13. Nb5 Rc8 14. Rfc1 Ne4
15. Rc2 f6 16. Rac1 Be7 17. a3 Kf7 18. Bc3 Rhd8 19. Nd2 Nxc3 20. Rxc3 e5 21. f3
Be6 22. Bd1 Bf8 1/2-1/2

[Event "SG Solingen 3 - SF Neuenkirchen 1"]
[Site "NRW-Klasse, Gruppe 1 2010/201"]
[Date "2010.09.26"]
[Round "1.1"]
[White "Muschik, Benedikt"]
[Black "Schlecht, Daniel"]
[Result "0-1"]
[WhiteElo "2239"]
[BlackElo "2360"]
[PlyCount "54"]
[EventDate "2010.??.??"]

1. d4 d5 2. Bf4 Nf6 3. e3 c5 4. c3 Nc6 5. Nf3 Qb6 6. Qb3 c4 7. Qc2 Bf5 8. Qc1
Nh5 9. Be2 Nxf4 10. exf4 e6 11. Nh4 Be4 12. Nd2 Be7 13. Nhf3 Bf5 14. Nf1 Qc7
15. g3 h6 16. h4 b5 17. a3 a5 18. Bd1 O-O 19. Ne3 Be4 20. O-O f5 21. Ne5 Nxe5
22. dxe5 g5 23. hxg5 hxg5 24. Nc2 Bc5 25. Re1 Qh7 26. Rxe4 fxe4 27. Bg4 Qg6 0-1

[Event "SG Solingen 3 - SF Neuenkirchen 1"]
[Site "NRW-Klasse, Gruppe 1 2010/201"]
[Date "2010.09.26"]
[Round "1.2"]
[White "Wigger, Jochen"]
[Black "Seegers, Hendrik"]
[Result "1/2-1/2"]
[WhiteElo "2323"]
[BlackElo "2157"]
[PlyCount "100"]
[EventDate "2010.??.??"]

1. Nf3 d5 2. g3 c5 3. Bg2 Nc6 4. d4 Bg4 5. Ne5 Nxe5 6. dxe5 e6 7. c4 Ne7 8. O-O
Qd7 9. h3 Bh5 10. cxd5 Nxd5 11. g4 Bg6 12. e4 Nb6 13. Qxd7+ Nxd7 14. f4 f6 15.
exf6 gxf6 16. e5 Bd3 17. Re1 O-O-O 18. exf6 Nxf6 19. Nc3 Bc4 20. b3 Bd5 21. Bb2
Bxg2 22. Kxg2 Rd2+ 23. Re2 Rxe2+ 24. Nxe2 Bg7 25. Rc1 b6 26. b4 Rd8 27. g5 Nh5
28. Bxg7 Nxg7 29. bxc5 b5 30. Rc2 Nf5 31. Rb2 a6 32. Nc3 Rd3 33. Ne4 Ne3+ 34.
Kh2 Nd5 35. Rf2 Rd4 36. Nf6 Nxf6 37. gxf6 Kd7 38. Kg3 Rc4 39. f5 e5 40. Rd2+
Ke8 41. Rd6 a5 42. c6 Kf7 43. Kf3 a4 44. Ke3 b4 45. Re6 b3 46. axb3 axb3 47.
Rxe5 Rxc6 48. Rb5 Rc3+ 49. Kf4 Rxh3 50. Ke5 Re3+ 1/2-1/2

[Event "SG Solingen 3 - SF Neuenkirchen 1"]
[Site "NRW-Klasse, Gruppe 1 2010/201"]
[Date "2010.09.26"]
[Round "1.3"]
[White "Wilde, Pierre"]
[Black "Balduan, Markus"]
[Result "1/2-1/2"]
[WhiteElo "2215"]
[BlackElo "2229"]
[PlyCount "46"]
[EventDate "2010.??.??"]

1. c4 c5 2. g3 g6 3. Bg2 Bg7 4. Nc3 Nc6 5. a3 a6 6. Rb1 Rb8 7. b4 cxb4 8. axb4
b5 9. cxb5 axb5 10. Nf3 d5 11. d4 Bf5 12. Rb3 e6 13. h3 Nge7 14. e3 Nc8 15. g4
Be4 16. Nxe4 dxe4 17. Ne5 Nxe5 18. dxe5 Qxd1+ 19. Kxd1 Bxe5 20. Bxe4 Nd6 21.
Bd3 Ke7 22. f4 Bg7 23. Bb2 Bxb2 1/2-1/2

[Event "SG Solingen 3 - SF Neuenkirchen 1"]
[Site "NRW-Klasse, Gruppe 1 2010/201"]
[Date "2010.09.26"]
[Round "1.4"]
[White "Gupta, Milon"]
[Black "Haves, Reinhard"]
[Result "1/2-1/2"]
[WhiteElo "2228"]
[BlackElo "2161"]
[PlyCount "49"]
[EventDate "2010.??.??"]

1. Nf3 g6 2. d4 Bg7 3. c4 d6 4. g3 Nf6 5. Bg2 O-O 6. O-O Nc6 7. Nc3 Bf5 8. d5
Na5 9. Nd2 c5 10. h3 a6 11. e4 Bd7 12. Rb1 b5 13. b3 Rb8 14. Qc2 bxc4 15. bxc4
Rxb1 16. Qxb1 Qc7 17. Qc2 Rb8 18. Ba3 Nh5 19. Kh2 Bh6 20. f4 Bg7 21. Rb1 Rxb1
22. Ncxb1 Qb6 23. Nc3 Bd4 24. Ne2 Bg7 25. Nc3 1/2-1/2

[Event "SG Solingen 3 - SF Neuenkirchen 1"]
[Site "NRW-Klasse, Gruppe 1 2010/201"]
[Date "2010.09.26"]
[Round "1.5"]
[White "Beckmann, Klaus"]
[Black "Auer, Martin"]
[Result "1-0"]
[WhiteElo "2172"]
[BlackElo "2236"]
[PlyCount "59"]
[EventDate "2010.??.??"]

1. Nf3 d6 2. d4 f5 3. Nc3 Nf6 4. Bg5 e6 5. e4 fxe4 6. Nxe4 Be7 7. Ng3 c6 8. Bd3
Qb6 9. O-O Na6 10. Re1 O-O 11. Bc4 d5 12. Bb3 c5 13. c4 cxd4 14. cxd5 Nxd5 15.
Bxe7 Nxe7 16. Qxd4 Nc5 17. Bc4 Nc6 18. Qc3 Kh8 19. Rad1 e5 20. Nxe5 Nxe5 21.
Qxe5 Bg4 22. Rd4 Nd7 23. Qe3 Nf6 24. Qd2 Rad8 25. Rxd8 Rxd8 26. Qc3 h5 27. h3
Bc8 28. Bb3 Bd7 29. Re5 Be8 30. Qf3 1-0

[Event "SG Solingen 3 - SF Neuenkirchen 1"]
[Site "NRW-Klasse, Gruppe 1 2010/201"]
[Date "2010.09.26"]
[Round "1.6"]
[White "Hobusch, Alexander"]
[Black "Rieke, Theo"]
[Result "0-1"]
[WhiteElo "2170"]
[BlackElo "2066"]
[PlyCount "64"]
[EventDate "2010.??.??"]

1. d4 g6 2. c4 Bg7 3. Nc3 d6 4. e4 Nf6 5. Nf3 O-O 6. Be2 Nbd7 7. Be3 e5 8. d5
Ng4 9. Bd2 a5 10. h3 Ngf6 11. Be3 Nc5 12. Qc2 Ne8 13. g4 f5 14. gxf5 gxf5 15.
O-O-O fxe4 16. Ng5 Nd3+ 17. Rxd3 exd3 18. Bxd3 h6 19. Ne6 Bxe6 20. dxe6 Qf6 21.
Nd5 Qxe6 22. Rg1 c6 23. Rg6 Qf7 24. Nb6 Rd8 25. Bxh6 Qxf2 26. Qxf2 Rxf2 27. Bg5
Nf6 28. Bh4 Rf4 29. Bg5 Rf3 30. Bc2 Rf2 31. Bh6 Kh7 32. Rxg7+ Kxh6 0-1

[Event "SG Solingen 3 - SF Neuenkirchen 1"]
[Site "NRW-Klasse, Gruppe 1 2010/201"]
[Date "2010.09.26"]
[Round "1.7"]
[White "Essing, Arnold"]
[Black "Peschel, Andreas"]
[Result "1-0"]
[WhiteElo "2180"]
[BlackElo "2098"]
[PlyCount "73"]
[EventDate "2010.??.??"]

1. d4 d5 2. Nf3 c6 3. c4 e6 4. Nc3 Nf6 5. Bg5 h6 6. Bh4 dxc4 7. e4 g5 8. Bg3 b5
9. Be2 Bb7 10. Ne5 Bg7 11. f4 Nfd7 12. Bh5 Nxe5 13. fxe5 O-O 14. O-O Nd7 15.
Qe2 b4 16. Na4 Qa5 17. Qc2 c5 18. d5 Nxe5 19. Rad1 Ba6 20. Rf2 Nd3 21. Rf3 b3
22. axb3 cxb3 23. Qxb3 c4 24. Qa3 Bxb2 25. Qe7 Qxa4 26. Bxf7+ Kh8 27. Rdf1 Bd4+
28. Kh1 Bg7 29. Qxe6 Bc8 30. Qg6 Bg4 31. Rf6 c3 32. h3 c2 33. hxg4 c1=Q 34.
Rxc1 Nxc1 35. Be5 Qd1+ 36. Kh2 Ne2 37. Qxh6+ 1-0

[Event "SG Solingen 3 - SF Neuenkirchen 1"]
[Site "NRW-Klasse, Gruppe 1 2010/201"]
[Date "2010.09.26"]
[Round "1.8"]
[White "Goerke, Joachim"]
[Black "Sommer, Uwe"]
[Result "1-0"]
[WhiteElo "2041"]
[BlackElo "2031"]
[PlyCount "121"]
[EventDate "2010.??.??"]

1. d4 d6 2. e4 Nf6 3. Nc3 g6 4. f4 c6 5. Nf3 Bg7 6. e5 Nd5 7. Nxd5 cxd5 8. Bd3
Nc6 9. c3 O-O 10. O-O Bg4 11. Qb3 e6 12. Qxb7 Na5 13. Qa6 Bxf3 14. Rxf3 dxe5
15. fxe5 Qc7 16. Bd2 Rab8 17. b4 Nc6 18. Qa4 f6 19. exf6 Rxf6 20. Rxf6 Bxf6 21.
Rf1 Bg7 22. Qd1 e5 23. b5 Na5 24. Qg4 Re8 25. dxe5 Bxe5 26. Bxg6 Qb6+ 27. Kh1
Qxg6 28. Qd7 Qe6 29. Qxa7 Nc4 30. Qf2 Nd6 31. a4 Ne4 32. Qe3 Bc7 33. Qd3 Bb6
34. Be1 Rf8 35. Rxf8+ Kxf8 36. Qf3+ Qf7 37. c4 dxc4 38. a5 Nf2+ 39. Kg1 Nh3+
40. Kf1 Qxf3+ 41. gxf3 Bd4 42. b6 Ke8 43. b7 Ba7 44. Bg3 Kd7 45. a6 c3 46. Ke2
c2 47. Kd2 Ng5 48. Bf2 Nxf3+ 49. Kxc2 Bb8 50. a7 Bxa7 51. Bxa7 Nd4+ 52. Bxd4
Kc7 53. Kd3 Kxb7 54. Ke4 Kc6 55. Kf5 Kd5 56. Bb2 h5 57. h4 Kd6 58. Kg6 Ke6 59.
Kxh5 Kf7 60. Kg5 Kg8 61. Kg6 1-0

[Event "SC Hansa Dortmund  - SK Turm Emsdetten "]
[Site "?"]
[Date "2010.09.26"]
[Round "1.1"]
[White "Pruijssers, Roeland"]
[Black "Eismont, Oleg"]
[Result "1-0"]
[WhiteElo "2516"]
[BlackElo "2246"]
[PlyCount "53"]
[WhiteTeam "Turm Emsdetten II"]
[BlackTeam "SC Hansa Dortmund II"]

1. e4 d6 2. d4 Nf6 3. Nc3 e5 4. Nf3 Nbd7 5. Bc4 Be7 6. O-O O-O 7. Re1 c6 8. a4
b6 9. b3 a6 10. d5 c5 11. Rb1 h6 12. Be3 Ng4 13. Bd2 Ngf6 14. Qe2 Nh7 15. Be3
Qe8 16. Bd3 Bg5 17. Nd2 Bxe3 18. Qxe3 Qd8 19. g3 Nhf6 20. f4 exf4 21. gxf4 Re8
22. Nc4 Nf8 23. e5 Ng4 24. Qg3 dxe5 25. fxe5 b5 26. axb5 axb5 27. Nxb5 1-0

[Event "SC Hansa Dortmund- SK Turm Emsdetten"]
[Site "?"]
[Date "2010.09.26"]
[Round "1.2"]
[White "Heinzel, Olaf"]
[Black "Kabatianski, Alexander"]
[Result "1/2-1/2"]
[WhiteElo "2272"]
[BlackElo "2397"]
[PlyCount "53"]
[WhiteTeam "SC Hansa Dortmund II"]
[BlackTeam "Turm Emsdetten II"]

1. d4 Nf6 2. Nf3 g6 3. g3 Bg7 4. Bg2 O-O 5. O-O d5 6. c4 dxc4 7. Ne5 Nc6 8.
Nxc6 bxc6 9. Bxc6 Bh3 10. Re1 Rb8 11. Nc3 Ng4 12. Bd5 e6 13. Bxc4 Rb4 14. b3
Bxd4 15. Ne4 Nxf2 16. Nxf2 Bxf2+ 17. Kxf2 Qf6+ 18. Bf4 e5 19. Qd2 Rb6 20. Rad1
exf4 21. Qxf4 Qe7 22. Kg1 Be6 23. Qe3 Re8 24. Rc1 a6 25. Qf4 c5 26. Qe3 Rc6 27.
Bxe6 1/2-1/2